| 000 | 00843nam a2200217 a 4500 | ||
|---|---|---|---|
| 003 | 0 | ||
| 005 | 20250201095817.0 | ||
| 008 | 130901s19uu xx 00 eng d | ||
| 050 |
_aPGS TJ 163.25 _b.G984 2013 |
||
| 100 | _aGutierrez, Arielle Neena R. | ||
| 245 |
_aThe Evaluation of variable methods of the production of hydrogen through the electrolysis of water / _cArielle Neena R. Gutierrez. |
||
| 260 |
_aLas PiƱas City, Philippines : _bSouthville International School and Colleges, _c2013. |
||
| 300 |
_a87 p. : _bill. ; _c28 cm. |
||
| 504 | _aIncludes bibliographical references. | ||
| 650 | _aElectrolysis of water. | ||
| 650 |
_aHydrogen _vProduction. |
||
| 650 |
_aHydrogen _vElectrochemical production. |
||
| 650 |
_aElectrochemical cells _vDesign and construction. |
||
| 650 | _aElectrochemical methods. | ||
| 942 |
_2lcc _cPASS |
||
| 999 |
_c99082 _d99082 |
||